[Event "Nordic School Team Championship"]
[Site "Lund"]
[Date "2007.09.07"]
[Round "1.1"]
[White "Kjartansson, Gudmundur"]
[Black "Forså, Espen"]
[Result "0-1"]
[WhiteElo "2306"]
[BlackElo "2264"]
[PlyCount "102"]
[EventDate "2007.09.07"]
[EventType "team"]
[EventRounds "5"]
[EventCountry "SWE"]
[WhiteTeam "Menntaskólinn"]
[BlackTeam "NTG Baerum"]

1. d4 f5 2. c4 Nf6 3. Nc3 e6 4. Nf3 d5 5. Bf4 c6 6. e3 Be7 7. Ne5 O-O 8. Bd3
Nbd7 9. O-O Nxe5 10. Bxe5 Ng4 11. Bf4 g5 12. f3 Nf2 13. Rxf2 gxf4 14. exf4 Bf6
15. Ne2 Qb6 16. Qc2 Bxd4 17. Nxd4 Qxd4 18. g3 Bd7 19. Re1 Qc5 20. cxd5 Qxc2 21.
Rxc2 exd5 22. Re5 a5 23. Kf2 Rae8 24. Rce2 Rxe5 25. fxe5 Re8 26. Ke3 Rxe5+ 27.
Kf4 Rxe2 28. Bxe2 Kf7 29. Ke5 Ke7 30. Bd3 b5 31. h4 h6 32. f4 Be6 33. Bxf5 Bxf5
34. Kxf5 d4 35. Ke4 c5 36. g4 Kf6 37. f5 a4 38. b3 a3 39. Kd3 h5 40. g5+ Kxf5
41. Kc2 Ke5 42. Kd2 c4 43. b4 d3 44. Ke3 Kd5 45. Kd2 Kd4 46. g6 c3+ 47. Kc1 Ke3
48. g7 d2+ 49. Kc2 Ke2 50. g8=Q d1=Q+ 51. Kxc3 Qd3# 0-1

[Event "Nordic School Team Championship"]
[Site "Lund"]
[Date "2007.09.07"]
[Round "1.1"]
[White "Rosberg, Simon"]
[Black "Dragicevic, Drazen"]
[Result "1/2-1/2"]
[WhiteElo "2345"]
[BlackElo "2309"]
[PlyCount "103"]
[EventDate "2007.09.07"]
[EventType "team"]
[EventRounds "5"]
[EventCountry "SWE"]
[WhiteTeam "Metapontum"]
[BlackTeam "S:t Petri"]

1. d4 Nf6 2. c4 g6 3. Nf3 Bg7 4. g3 O-O 5. Bg2 d5 6. O-O dxc4 7. Na3 c5 8. Nxc4
Na6 9. b3 Bf5 10. Bb2 Be4 11. Qd2 b5 12. Nce5 Rc8 13. dxc5 Rxc5 14. Qxd8 Rxd8
15. Rac1 Rdc8 16. Rxc5 Rxc5 17. Rc1 Rxc1+ 18. Bxc1 Nd5 19. Bd2 Nc5 20. b4 Na4
21. Nc6 a6 22. Nb8 Nac3 23. Bxc3 Nxc3 24. e3 Nxa2 25. Nxa6 Bb7 26. Nc7 Bc6 27.
Nd4 Bxg2 28. Kxg2 Bxd4 29. exd4 Nxb4 30. Nxb5 e6 31. Kf3 Kg7 32. Nc3 f5 33. Ke3
Kf6 34. f4 h6 35. h3 g5 36. fxg5+ Kxg5 37. Ne2 Nd5+ 38. Kf3 Nb4 39. Nf4 Kf6 40.
Ke3 Kf7 41. Kd2 Kf6 42. Kc3 Nc6 43. Kd3 Nd8 44. Ke3 Nf7 45. Nh5+ Kg6 46. Nf4+
Kf6 47. Nh5+ Ke7 48. g4 fxg4 49. hxg4 e5 50. dxe5 Nxe5 51. Kf4 Nxg4 52. Kxg4
1/2-1/2

[Event "Nordic School Team Championship"]
[Site "Lund"]
[Date "2007.09.07"]
[Round "1.2"]
[White "Thomassen, Joachim"]
[Black "Oskarsson, Aron Ingi"]
[Result "1/2-1/2"]
[WhiteElo "2075"]
[BlackElo "1871"]
[PlyCount "51"]
[EventDate "2007.09.07"]
[EventType "team"]
[EventRounds "5"]
[EventCountry "SWE"]
[WhiteTeam "NTG Baerum"]
[BlackTeam "Menntaskólinn"]

1. d4 d5 2. c4 c6 3. Nc3 Nf6 4. Nf3 dxc4 5. e4 b5 6. e5 Nd5 7. a4 e6 8. axb5
Nxc3 9. bxc3 cxb5 10. Ng5 Bb7 11. Qh5 Qd7 12. Nxh7 Bd5 13. Nf6+ gxf6 14. Qxh8
Qb7 15. Ba3 Nd7 16. Bxf8 Nxf8 17. Qxf6 b4 18. f3 b3 19. h4 b2 20. Rb1 Be4 21.
fxe4 Qxe4+ 22. Kd2 Qxb1 23. Bxc4 Qxh1 24. Bb5+ Nd7 25. Bxd7+ Kxd7 26. Qxf7+
1/2-1/2

[Event "Nordic School Team Championship"]
[Site "Lund"]
[Date "2007.09.07"]
[Round "1.3"]
[White "Larsson, Daniel"]
[Black "Kazazi, Enver"]
[Result "1-0"]
[WhiteElo "1920"]
[BlackElo "1770"]
[PlyCount "129"]
[EventDate "2007.09.07"]
[EventType "team"]
[EventRounds "5"]
[EventCountry "SWE"]
[WhiteTeam "Metapontum"]
[BlackTeam "S:t Petri"]

1. e4 e6 2. d4 d5 3. exd5 exd5 4. Qf3 c6 5. Bd3 Qf6 6. Be3 Bd6 7. h3 Qxf3 8.
Nxf3 Nf6 9. Nc3 O-O 10. Kd2 Re8 11. Rhe1 h6 12. Rad1 Ne4+ 13. Bxe4 dxe4 14. Ne5
f5 15. Nc4 Bc7 16. d5 cxd5 17. Nxd5 Na6 18. Kc1 Be6 19. Nxc7 Nxc7 20. Nd6 Reb8
21. Bf4 b5 22. Nxf5 Bxf5 23. Bxc7 Rc8 24. Be5 e3 25. c3 exf2 26. Rf1 Be6 27.
Rxf2 Rd8 28. b3 Rxd1+ 29. Kxd1 Rd8+ 30. Kc2 Rd5 31. Bd4 a5 32. h4 Bg4 33. g3 a4
34. Rf4 h5 35. bxa4 Bf5+ 36. Kb3 Be6 37. Kb4 bxa4 38. Kxa4 Rd8 39. a3 Ra8+ 40.
Kb4 Rb8+ 41. Kc5 Ra8 42. Kd6 Bf7 43. Bc5 Rd8+ 44. Ke7 Re8+ 45. Kd7 Re5 46. Bb4
Re3 47. c4 Rxg3 48. c5 Rg4 49. Rxg4 hxg4 50. c6 Bg6 51. c7 Kf7 52. c8=Q Bf5+
53. Kc7 Bxc8 54. Kxc8 Ke6 55. Be1 Kd5 56. Kc7 Kc4 57. a4 g6 58. Kc6 g3 59. a5
g2 60. Bf2 Kd3 61. a6 Ke2 62. Bc5 Kf1 63. a7 g1=Q 64. Bxg1 Kxg1 65. a8=Q 1-0

[Event "Nordic School Team Championship"]
[Site "Lund"]
[Date "2007.09.07"]
[Round "1.3"]
[White "Thorsteinsson, Hilmar"]
[Black "Hagen, Anders"]
[Result "1-0"]
[WhiteElo "1855"]
[BlackElo "2012"]
[PlyCount "41"]
[EventDate "2007.09.07"]
[EventType "team"]
[EventRounds "5"]
[EventCountry "SWE"]
[WhiteTeam "Menntaskólinn"]
[BlackTeam "NTG Baerum"]

1. e4 c5 2. c3 d5 3. exd5 Qxd5 4. d4 Nf6 5. Nf3 Bg4 6. dxc5 Qxd1+ 7. Kxd1 e5 8.
b4 e4 9. h3 Bh5 10. g4 Nxg4 11. hxg4 Bxg4 12. Nbd2 exf3 13. Bd3 Nc6 14. Re1+
Kd7 15. Be4 Be7 16. b5 Na5 17. Ba3 Rhe8 18. Bb4 Bd8 19. c6+ bxc6 20. Bxa5 Bxa5
21. Bxc6+ 1-0

[Event "Nordic School Team Championship"]
[Site "Lund"]
[Date "2007.09.07"]
[Round "1.4"]
[White "Gjoreska, Nada"]
[Black "Ruthberg, Andreas"]
[Result "1/2-1/2"]
[WhiteElo "1674"]
[BlackElo "1616"]
[PlyCount "131"]
[EventDate "2007.09.07"]
[EventType "team"]
[EventRounds "5"]
[EventCountry "SWE"]
[WhiteTeam "S:t Petri"]
[BlackTeam "Metapontum"]

1. e4 e6 2. d4 d5 3. e5 c5 4. Be3 cxd4 5. Bb5+ Bd7 6. Bxd7+ Qxd7 7. Bxd4 Nc6 8.
Nf3 Nh6 9. O-O Nf5 10. Nc3 Nfxd4 11. Nxd4 Bc5 12. Nxc6 Qxc6 13. Qd3 a6 14. a3
O-O 15. b4 Be7 16. f4 Rac8 17. Rf3 f5 18. Rh3 Qc4 19. Qf3 g6 20. Rd1 h5 21. Rd3
Qc6 22. Qe2 h4 23. g3 d4 24. Nd1 Qxc2 25. Qxc2 Rxc2 26. gxh4 Kg7 27. h5 gxh5
28. Rxh5 Rg8 29. Rxd4 Kf7+ 30. Kf1 Kg6 31. Rh3 Rd8 32. Rxd8 Bxd8 33. Rd3 Bc7
34. Rd7 Rc4 35. Kg2 Rc2+ 36. Kf3 Rc6 37. Re7 b5 38. Re8 Bb6 39. h4 Kf7 40. Rh8
Kg7 41. Rh5 Bd8 42. Ke3 Rc1 43. Kd2 Ra1 44. Ne3 Rxa3 45. Nxf5+ exf5 46. Rxf5
Bxh4 47. e6 Rb3 48. Rf7+ Kg8 49. f5 Rxb4 50. f6 Rd4+ 51. Ke3 Bxf6 52. Rxf6 Rd8
53. Ke4 b4 54. Ke5 b3 55. Rf2 a5 56. e7 Rb8 57. Ke6 Rb6+ 58. Kd5 Rb8 59. Rb2
Kf7 60. Kd6 Rb6+ 61. Kd7 Rb7+ 62. Kd8 Rb8+ 63. Kc7 Re8 64. Rxb3 Rxe7+ 65. Kb6
Re5 66. Ra3 1/2-1/2

[Event "Nordic School Team Championship"]
[Site "Lund"]
[Date "2007.09.07"]
[Round "1.4"]
[White "Jörgensen, Line Jin"]
[Black "Egilsson, Helgi"]
[Result "1-0"]
[WhiteElo "1733"]
[BlackElo "1710"]
[PlyCount "91"]
[EventDate "2007.09.07"]
[EventType "team"]
[EventRounds "5"]
[EventCountry "SWE"]
[WhiteTeam "NTG Baerum"]
[BlackTeam "Menntaskólinn"]

1. c4 e6 2. d4 Nf6 3. Nf3 d5 4. Bg5 Nbd7 5. Nc3 Be7 6. e3 c6 7. Bd3 dxc4 8.
Bxc4 b5 9. Bd3 Bb7 10. O-O Nd5 11. Nxd5 Bxg5 12. Nxg5 cxd5 13. f4 h6 14. Qh5
O-O 15. Bh7+ Kh8 16. Nxf7+ Rxf7 17. Qxf7 Kxh7 18. Qxe6 a5 19. Qf5+ Kh8 20. Rf3
Nf6 21. Rc1 Bc8 22. Qg6 Ra7 23. h3 Rc7 24. Rd1 h5 25. Kh2 Qe8 26. Qd3 g6 27.
Qd2 b4 28. Rc1 Rc6 29. Rxc6 Qxc6 30. Rf1 Bf5 31. Rc1 Qb6 32. Qe2 Ne4 33. g4
hxg4 34. hxg4 Bd7 35. Qe1 g5 36. fxg5 Nxg5 37. Qh4+ Nh7 38. Rc5 b3 39. a3 a4
40. Kg1 Bc6 41. Qh6 Qb8 42. Kf2 Bd7 43. Rxd5 Bxg4 44. Rg5 Qc7 45. Rxg4 Qc2+ 46.
Kg3 1-0

[Event "Nordic School Team Championship"]
[Site "Lund"]
[Date "2007.09.07"]
[Round "2.1"]
[White "Forså, Espen"]
[Black "Rosberg, Simon"]
[Result "1/2-1/2"]
[WhiteElo "2234"]
[BlackElo "2345"]
[PlyCount "47"]
[EventDate "2007.09.07"]
[EventType "team"]
[EventRounds "5"]
[EventCountry "SWE"]
[WhiteTeam "NTG Baerum"]
[BlackTeam "Metapontum"]

1. e4 c5 2. Nf3 Nc6 3. d4 cxd4 4. Nxd4 e6 5. Nc3 Qc7 6. Be3 a6 7. Qd2 Nf6 8.
O-O-O Bb4 9. f3 Ne7 10. Kb1 d5 11. e5 Bxc3 12. bxc3 Nd7 13. f4 b5 14. Nb3 Nc6
15. Qf2 Na5 16. Nc5 Nc4 17. Bxc4 bxc4 18. Nxd7 Bxd7 19. Bc5 Ba4 20. Kc1 Rb8 21.
a3 Rb5 22. Bd6 Qb6 23. Qxb6 Rxb6 24. Rhf1 1/2-1/2

[Event "Nordic School Team Championship"]
[Site "Lund"]
[Date "2007.09.07"]
[Round "2.1"]
[White "Sofiev, Alexey"]
[Black "Kjartansson, Gudmundur"]
[Result "1-0"]
[WhiteElo "2136"]
[BlackElo "2335"]
[PlyCount "91"]
[EventDate "2007.09.07"]
[EventType "team"]
[EventRounds "5"]
[EventCountry "SWE"]
[WhiteTeam "Matematiikkalukio"]
[BlackTeam "Menntaskólinn"]

1. a3 d5 2. d4 Nf6 3. Bf4 e6 4. e3 Be7 5. Nf3 O-O 6. Bd3 Nbd7 7. Nbd2 c5 8. c3
b6 9. Qc2 Bb7 10. Ne5 c4 11. Be2 Nxe5 12. Bxe5 Nd7 13. Bg3 Bf6 14. O-O Qe7 15.
Rad1 b5 16. b4 a5 17. Bf3 Ra6 18. e4 axb4 19. axb4 Rfa8 20. exd5 Ra2 21. Qxa2
Rxa2 22. d6 Qd8 23. Bxb7 Nb8 24. Ne4 Ra7 25. Nc5 Qb6 26. Bf3 g6 27. Ra1 h5 28.
h4 Kf8 29. Rfe1 Kg8 30. Kh2 Kf8 31. Kh3 Kg8 32. Bf4 Kf8 33. g3 Kg8 34. Kg2 Kf8
35. Kf1 Kg8 36. Ke2 Kf8 37. Kd2 Nd7 38. Kc2 Kg8 39. Kb2 e5 40. Rxa7 exd4 41.
Rb7 dxc3+ 42. Kc2 Nxc5 43. Rxb6 Nd3 44. Rb1 Bd4 45. Rb8+ Kh7 46. d7 1-0

[Event "Nordic School Team Championship"]
[Site "Lund"]
[Date "2007.09.07"]
[Round "2.2"]
[White "Hagen, Anders"]
[Black "Larsson, Daniel"]
[Result "1-0"]
[WhiteElo "1961"]
[BlackElo "1920"]
[PlyCount "112"]
[EventDate "2007.09.07"]
[EventType "team"]
[EventRounds "5"]
[EventCountry "SWE"]
[WhiteTeam "NTG Baerum"]
[BlackTeam "Metapontum"]

1. e4 e6 2. d4 d5 3. Nc3 Bb4 4. e5 c5 5. a3 Ba5 6. b4 cxd4 7. Nb5 Bc7 8. f4 Nc6
9. Nf3 Nge7 10. Bb2 Nf5 11. Bd3 O-O 12. Bxf5 exf5 13. Bxd4 Re8 14. Nxc7 Qxc7
15. O-O Nxd4 16. Nxd4 a6 17. Rf3 f6 18. exf6 g6 19. Qd2 Qf7 20. Re1 Bd7 21.
Rfe3 Qxf6 22. Nf3 Rxe3 23. Rxe3 Bc6 24. Ne5 Rd8 25. Qd4 Rd6 26. Rc3 Kg7 27. Rd3
Kg8 28. Re3 Re6 29. Rd3 Rd6 30. c4 Qe7 31. Qc5 Qd8 32. Rd2 Kg7 33. b5 axb5 34.
cxb5 Be8 35. Nc4 Rd7 36. Nb6 Rd6 37. Nc4 Rd7 38. Qd4+ Qf6 39. Ne5 Rd6 40. a4
Kg8 41. Rd3 Qe7 42. Qc5 Bf7 43. Qd4 Be8 44. Rc3 Rd8 45. Rc5 Bf7 46. b6 Rf8 47.
Rc7 Qa3 48. Nxf7 Rxf7 49. Rc8+ Rf8 50. Qxd5+ Kg7 51. Qd4+ Kg8 52. Rc7 Rf7 53.
Qc4 Kh8 54. Rxf7 Qa1+ 55. Kf2 Qb2+ 56. Kg3 Qa3+ 1-0

[Event "Nordic School Team Championship"]
[Site "Lund"]
[Date "2007.09.07"]
[Round "2.2"]
[White "Oskarsson, Aron Ingi"]
[Black "Kumpulainen, Kalle"]
[Result "0-1"]
[WhiteElo "1915"]
[BlackElo "1802"]
[PlyCount "96"]
[EventDate "2007.09.07"]
[EventType "team"]
[EventRounds "5"]
[EventCountry "SWE"]
[WhiteTeam "Menntaskólinn"]
[BlackTeam "Matematiikkalukio"]

1. e4 c5 2. c3 e6 3. d4 d5 4. exd5 Qxd5 5. Nf3 Nc6 6. Bd3 cxd4 7. cxd4 Bd7 8.
Nc3 Bb4 9. O-O Qa5 10. Ne4 Nf6 11. Bf4 Qd5 12. Nc3 Qa5 13. Qb3 O-O 14. Rac1 Qb6
15. Rfd1 Bxc3 16. bxc3 Nd5 17. Bg3 Rfc8 18. Nd2 Na5 19. Qxb6 Nxb6 20. c4 Ba4
21. Re1 Rd8 22. Nf3 Rac8 23. c5 Nd5 24. Bc2 Bc6 25. Ne5 Nb4 26. Red1 Nxc2 27.
Rxc2 Ba4 28. Rcd2 Bxd1 29. Rxd1 Nc6 30. Nf3 Ne7 31. Rb1 b6 32. cxb6 axb6 33. h3
Nd5 34. Rb3 Ra8 35. a3 Rdc8 36. Ne5 Rc1+ 37. Kh2 Rc3 38. Rb5 Raxa3 39. Nd7 Ra5
40. Rb1 b5 41. Nc5 b4 42. Nb7 Ra2 43. Nc5 Rca3 44. f3 Ra1 45. Rb2 R3a2 46. Rb3
Rd1 47. Nd3 Ne3 48. Ne1 Nf1+ 0-1

[Event "Nordic School Team Championship"]
[Site "Lund"]
[Date "2007.09.07"]
[Round "2.2"]
[White "Thollin, Robert"]
[Black "Thomassen, Joachim"]
[Result "0-1"]
[WhiteElo "1914"]
[BlackElo "2141"]
[PlyCount "92"]
[EventDate "2007.09.07"]
[EventType "team"]
[EventRounds "5"]
[EventCountry "SWE"]
[WhiteTeam "Metapontum"]
[BlackTeam "NTG Baerum"]

1. e4 c5 2. Nc3 Nc6 3. Bb5 Nd4 4. Bc4 e6 5. Nf3 Nf6 6. O-O a6 7. e5 d5 8. exf6
dxc4 9. fxg7 Bxg7 10. Ne4 Qd5 11. Re1 O-O 12. d3 cxd3 13. Qxd3 f5 14. Nc3 Qd6
15. Nxd4 cxd4 16. Ne2 e5 17. f3 Bd7 18. a4 Rae8 19. Ng3 e4 20. fxe4 f4 21. Ne2
Bc6 22. Nxf4 Rxf4 23. Bxf4 Qxf4 24. Qf3 Rxe4 25. Qxf4 Rxf4 26. g3 Re4 27. Kf2
Rxe1 28. Rxe1 Bxa4 29. b3 Bc6 30. Ke2 Be4 31. Kd1 Bc6 32. Kd2 Kf7 33. g4 Bf6
34. Rf1 Ke6 35. Kd1 Be4 36. Rf2 a5 37. Kc1 b5 38. Kb1 a4 39. Ka2 Bg5 40. bxa4
bxa4 41. Re2 Ke5 42. Ka3 Be3 43. Kxa4 Kf4 44. Kb3 Kxg4 45. c3 Kf3 46. Re1 d3
0-1

[Event "Nordic School Team Championship"]
[Site "Lund"]
[Date "2007.09.07"]
[Round "2.3"]
[White "Rinne, Heini"]
[Black "Thorsteinsson, Hilmar"]
[Result "0-1"]
[WhiteElo "1592"]
[BlackElo "1855"]
[PlyCount "59"]
[EventDate "2007.09.07"]
[EventType "team"]
[EventRounds "5"]
[EventCountry "SWE"]
[WhiteTeam "Matematiikkalukio"]
[BlackTeam "Menntaskólinn"]

1. d4 d5 2. c4 e6 3. Nc3 Nf6 4. Bg5 Nbd7 5. e3 Be7 6. Nf3 O-O 7. Rc1 b6 8. Bd3
Bb7 9. O-O h6 10. Bh4 Ne4 11. Bxe7 Qxe7 12. cxd5 exd5 13. Qc2 Rfc8 14. Rfe1 c5
15. Qe2 Ndf6 16. Ne5 Nxc3 17. bxc3 Nd7 18. Nxd7 Qxd7 19. Qf3 Rc7 20. Qh5 Re8
21. g4 g6 22. Qh4 Rec8 23. Rb1 Kg7 24. g5 hxg5 25. Qxg5 cxd4 26. cxd4 Rc3 27.
Rbd1 Qa4 28. Bb1 Qa3 29. Kh1 Rc1 30. Qe5+ 0-1

[Event "Nordic School Team Championship"]
[Site "Lund"]
[Date "2007.09.07"]
[Round "2.4"]
[White "Egilsson, Helgi"]
[Black "Nummelin, Elias"]
[Result "1-0"]
[WhiteElo "1710"]
[BlackElo "1529"]
[PlyCount "97"]
[EventDate "2007.09.07"]
[EventType "team"]
[EventRounds "5"]
[EventCountry "SWE"]
[WhiteTeam "Menntaskólinn"]
[BlackTeam "Matematiikkalukio"]

1. d4 e6 2. c4 f5 3. Nc3 Nf6 4. g3 c6 5. Bg2 d5 6. cxd5 exd5 7. Qc2 Bd6 8. Nf3
O-O 9. O-O Qc7 10. e3 Ne4 11. Nd2 Nxc3 12. bxc3 Nd7 13. c4 dxc4 14. Nxc4 Nb6
15. Nxd6 Qxd6 16. a4 Be6 17. Ba3 c5 18. Bxc5 Qc7 19. Qb2 Rf7 20. Bxb6 Qxb6 21.
Qxb6 axb6 22. Rfb1 Rc7 23. Rxb6 Bd7 24. Bxb7 Rxa4 25. Rab1 Kf8 26. Bf3 Ra2 27.
R6b2 Rxb2 28. Rxb2 Kf7 29. Kg2 g5 30. Rb7 Rxb7 31. Bxb7 Kf6 32. f3 h6 33. Bd5
Ke7 34. e4 Kd6 35. Kf2 Bc8 36. Bc4 g4 37. e5+ Kc6 38. f4 Kb6 39. Ke3 Kc6 40.
Bf7 Kd7 41. d5 Ke7 42. e6 Bb7 43. Bg6 Bxd5 44. Bxf5 Bxe6 45. Ke4 h5 46. Bg6 h4
47. Ke5 hxg3 48. hxg3 Bb3 49. Kf5 1-0

[Event "Nordic School Team Championship"]
[Site "Lund"]
[Date "2007.09.07"]
[Round "2.4"]
[White "Ruthberg, Andreas"]
[Black "Jörgensen, Line Jin"]
[Result "1-0"]
[WhiteElo "1616"]
[BlackElo "1851"]
[PlyCount "41"]
[EventDate "2007.09.07"]
[EventType "team"]
[EventRounds "5"]
[EventCountry "SWE"]
[WhiteTeam "Metapontum"]
[BlackTeam "NTG Baerum"]

1. e4 c5 2. Nc3 d6 3. f4 Nc6 4. Bb5 e6 5. Nf3 Bd7 6. Bxc6 Bxc6 7. d3 Nf6 8. O-O
Qb6 9. Kh1 Be7 10. Qe1 O-O-O 11. Nd2 h6 12. Nc4 Qc7 13. a4 g5 14. Nb5 Bxb5 15.
axb5 a6 16. bxa6 b5 17. a7 Kd7 18. e5 bxc4 19. exf6 Bf8 20. a8=Q Rxa8 21. Rxa8
1-0

[Event "Nordic School Team Championship"]
[Site "Lund"]
[Date "2007.09.08"]
[Round "3.1"]
[White "Dragicevic, Drazen"]
[Black "Forså, Espen"]
[Result "0-1"]
[WhiteElo "2309"]
[BlackElo "2234"]
[PlyCount "100"]
[EventDate "2007.09.07"]
[EventType "team"]
[EventRounds "5"]
[EventCountry "SWE"]
[WhiteTeam "S:t Petri"]
[BlackTeam "NTG Baerum"]

1. c4 e5 2. Nc3 Nf6 3. g3 d5 4. cxd5 Nxd5 5. Bg2 Nb6 6. Nf3 Nc6 7. d3 Be7 8.
O-O O-O 9. a3 Be6 10. b4 a5 11. b5 Nd4 12. Rb1 f6 13. e3 Nxf3+ 14. Bxf3 Nd5 15.
Qc2 Rf7 16. Rd1 f5 17. Bg2 Qd7 18. Nxd5 Bxd5 19. e4 Be6 20. exf5 Bd5 21. Bxd5
Qxd5 22. Qc4 Rd8 23. Qxd5 Rxd5 24. g4 Bc5 25. Rd2 h5 26. h3 hxg4 27. hxg4 Rd4
28. Bb2 Rxg4+ 29. Kf1 Rxf5 30. Re1 Bd6 31. Re4 Rgf4 32. Rde2 Rxe4 33. dxe4 Rf3
34. a4 Rb3 35. f4 Rf3+ 36. Rf2 Rxf4 37. Rxf4 exf4 38. Ke2 Kf7 39. Bc3 g5 40.
Kf3 Bb4 41. Bb2 c6 42. e5 cxb5 43. axb5 Ke6 44. Ke4 Bd2 45. Kd3 Be3 46. Ke4 g4
47. Bc3 a4 48. Bb2 Bd2 49. Kd3 Be1 50. Ke4 Bg3 0-1

[Event "Nordic School Team Championship"]
[Site "Lund"]
[Date "2007.09.08"]
[Round "3.1"]
[White "Rosberg, Simon"]
[Black "Sofiev, Alexey"]
[Result "1/2-1/2"]
[WhiteElo "2345"]
[BlackElo "2136"]
[PlyCount "66"]
[EventDate "2007.09.07"]
[EventType "team"]
[EventRounds "5"]
[EventCountry "SWE"]
[WhiteTeam "Metapontum"]
[BlackTeam "Matematiikkalukio"]

1. d4 d5 2. c4 c6 3. Nf3 e6 4. e3 f5 5. Bd3 Nf6 6. O-O Bd6 7. b3 Qe7 8. Nbd2
O-O 9. Bb2 Ne4 10. Ne1 Qh4 11. f4 Nd7 12. Ndf3 Qe7 13. a4 Ndf6 14. Be2 Bd7 15.
Nd3 Rfb8 16. Qc1 b5 17. axb5 cxb5 18. c5 Bc7 19. Ba3 Be8 20. b4 a5 21. bxa5
Bxa5 22. Bb4 Bxb4 23. Nxb4 Ng4 24. Rxa8 Rxa8 25. Ne5 Nxh2 26. Kxh2 Qh4+ 27. Kg1
Ng3 28. Bd3 Bh5 29. c6 Qh1+ 30. Kf2 Qh4 31. Kg1 Qh1+ 32. Kf2 Qh4 33. Kg1 Qh1+
1/2-1/2

[Event "Nordic School Team Championship"]
[Site "Lund"]
[Date "2007.09.08"]
[Round "3.2"]
[White "Kumpulainen, Kalle"]
[Black "Thollin, Robert"]
[Result "0-1"]
[WhiteElo "1802"]
[BlackElo "1914"]
[PlyCount "54"]
[EventDate "2007.09.07"]
[EventType "team"]
[EventRounds "5"]
[EventCountry "SWE"]
[WhiteTeam "Matematiikkalukio"]
[BlackTeam "Metapontum"]

1. d4 e6 2. c4 f5 3. Nc3 Nf6 4. g3 Bb4 5. Qc2 Qe7 6. Bg2 O-O 7. e3 d6 8. Nge2
e5 9. O-O Bxc3 10. Nxc3 c6 11. b3 e4 12. Bb2 Na6 13. a3 Nc7 14. Rac1 d5 15.
cxd5 Ncxd5 16. Nxd5 Nxd5 17. Qc5 Qe8 18. b4 a6 19. a4 Be6 20. Ba3 Rf6 21. Rfd1
Qh5 22. b5 cxb5 23. axb5 axb5 24. Bb4 Qe8 25. Bf1 Rc8 26. Qd6 Rd8 27. Qc5 b6
0-1

[Event "Nordic School Team Championship"]
[Site "Lund"]
[Date "2007.09.08"]
[Round "3.2"]
[White "Thomassen, Joachim"]
[Black "Gajic, Mladen"]
[Result "1/2-1/2"]
[WhiteElo "2075"]
[BlackElo "2115"]
[PlyCount "108"]
[EventDate "2007.09.07"]
[EventType "team"]
[EventRounds "5"]
[EventCountry "SWE"]
[WhiteTeam "NTG Baerum"]
[BlackTeam "S:t Petri"]

1. e4 Nf6 2. e5 Nd5 3. d4 d6 4. Nf3 c6 5. Be2 g6 6. c4 Nc7 7. exd6 Qxd6 8. h3
Bg7 9. Nc3 O-O 10. O-O Nba6 11. c5 Qd8 12. Bc4 Be6 13. Qb3 b6 14. cxb6 axb6 15.
Bf4 b5 16. Bxe6 Nxe6 17. Be5 Bxe5 18. dxe5 Nac5 19. Qb4 Nd3 20. Qe4 b4 21. Ne2
Qd5 22. Qxd5 cxd5 23. Rfd1 Nec5 24. Nc1 Nxb2 25. Rxd5 Rfc8 26. Rb1 Nca4 27. Rd2
Nc4 28. Rc2 Na3 29. Rxc8+ Rxc8 30. Ra1 Nc3 31. Ne1 Rb8 32. Ncd3 g5 33. f3 Rb5
34. Kf2 Nc4 35. Nc2 Nxe5 36. Nxe5 Rxe5 37. Nxb4 Re2+ 38. Kf1 Rb2 39. Nc6 Nxa2
40. Nxe7+ Kg7 41. Re1 Nb4 42. Re2 Rb1+ 43. Re1 Rxe1+ 44. Kxe1 Kf6 45. Ng8+ Ke5
46. Nh6 f5 47. Nf7+ Kf6 48. Nd6 h5 49. Ke2 h4 50. Nc4 Nd5 51. Kf2 Nf4 52. Ne3
Ke6 53. Kf1 Ke5 54. Nc4+ Kf6 1/2-1/2

[Event "Nordic School Team Championship"]
[Site "Lund"]
[Date "2007.09.08"]
[Round "3.3"]
[White "Kazazi, Enver"]
[Black "Hagen, Anders"]
[Result "0-1"]
[WhiteElo "2870"]
[BlackElo "2012"]
[PlyCount "52"]
[EventDate "2007.09.07"]
[EventType "team"]
[EventRounds "5"]
[EventCountry "SWE"]
[WhiteTeam "S:t Petri"]
[BlackTeam "NTG Baerum"]

1. e4 c5 2. Nf3 Nc6 3. d4 cxd4 4. Nxd4 Nf6 5. Nc3 d6 6. Be2 e6 7. Be3 a6 8. a4
Be7 9. O-O Bd7 10. Qd2 Nxd4 11. Qxd4 Bc6 12. f3 O-O 13. Bc4 Qa5 14. Rfd1 Rfd8
15. Bb3 Rac8 16. Rd2 d5 17. exd5 Nxd5 18. Nxd5 Bxd5 19. Qb6 Qxd2 20. Qxd8+ Rxd8
21. Bxd2 Bxb3 22. Ba5 Rd5 23. cxb3 Rxa5 24. Kf2 Rc5 25. Rd1 Rc2+ 26. Kg3 Bf6
0-1

[Event "Nordic School Team Championship"]
[Site "Lund"]
[Date "2007.09.08"]
[Round "3.3"]
[White "Larsson, Daniel"]
[Black "Nummelin, Elias"]
[Result "1-0"]
[WhiteElo "1964"]
[BlackElo "1529"]
[PlyCount "73"]
[EventDate "2007.09.07"]
[EventType "team"]
[EventRounds "5"]
[EventCountry "SWE"]
[WhiteTeam "Metapontum"]
[BlackTeam "Matematiikkalukio"]

1. e4 e6 2. d4 d5 3. exd5 exd5 4. Qf3 Nf6 5. h3 h6 6. Bd3 Bd6 7. Nc3 Nc6 8. Be3
Be6 9. g4 a6 10. Nge2 Qd7 11. O-O-O O-O-O 12. Ng3 Nxg4 13. hxg4 Bxg4 14. Qxg4
Qxg4 15. Bf5+ Qxf5 16. Nxf5 Bf8 17. Rdg1 Rh7 18. Re1 Ne7 19. Nxe7+ Bxe7 20. Bf4
Bf6 21. Be5 Bg5+ 22. f4 Bf6 23. Bxf6 gxf6 24. Rh5 c6 25. Reh1 Rdh8 26. Ne2 Kd7
27. Kd2 f5 28. Ng3 Rg8 29. Nxf5 Rg4 30. R1h4 Rg2+ 31. Kc3 Ke6 32. Ne3 Rg3 33.
Rxh6+ Rxh6 34. Rxh6+ Ke7 35. Kd3 Rf3 36. f5 Rf4 37. Rh8 1-0

[Event "Nordic School Team Championship"]
[Site "Lund"]
[Date "2007.09.08"]
[Round "3.4"]
[White "Jörgensen, Line Jin"]
[Black "Gjoreska, Nada"]
[Result "1/2-1/2"]
[WhiteElo "1733"]
[BlackElo "1674"]
[PlyCount "92"]
[EventDate "2007.09.07"]
[EventType "team"]
[EventRounds "5"]
[EventCountry "SWE"]
[WhiteTeam "NTG Baerum"]
[BlackTeam "S:t Petri"]

1. e4 e5 2. Nf3 Nc6 3. Bb5 d6 4. h3 Nf6 5. O-O Bd7 6. Re1 a6 7. Ba4 Be7 8. c3
Na5 9. d4 exd4 10. cxd4 O-O 11. Bc2 c6 12. Nc3 b5 13. Ne2 Re8 14. Qd3 g6 15.
Ng3 Bf8 16. Bg5 Be7 17. Rad1 Nc4 18. Bc1 c5 19. b3 Nb6 20. Qf1 b4 21. dxc5 dxc5
22. Ne5 Qc7 23. Bf4 Bb5 24. Ne2 Bd6 25. Nd7 Nbxd7 26. Bxd6 Qa5 27. f3 Qxa2 28.
Rd2 Qa5 29. Qf2 Qb6 30. Nf4 Rad8 31. e5 c4 32. Qxb6 Nxb6 33. Bxb4 Rxd2 34. Bxd2
cxb3 35. Bxb3 Nh5 36. e6 Nc4 37. Nxh5 gxh5 38. exf7+ Kxf7 39. Rxe8 Kxe8 40. Bc3
a5 41. Bxc4 Bxc4 42. Bxa5 Kf8 43. Kf2 Kg7 44. Bd8 Be6 45. g4 hxg4 46. hxg4 h5
1/2-1/2

[Event "Nordic School Team Championship"]
[Site "Lund"]
[Date "2007.09.08"]
[Round "3.4"]
[White "Koivunen, Riku"]
[Black "Ruthberg, Andreas"]
[Result "0-1"]
[WhiteElo "1440"]
[BlackElo "1616"]
[PlyCount "38"]
[EventDate "2007.09.07"]
[EventType "team"]
[EventRounds "5"]
[EventCountry "SWE"]
[WhiteTeam "Matematiikkalukio"]
[BlackTeam "Metapontum"]

1. e3 e5 2. Nc3 Nc6 3. Bb5 Nge7 4. d4 exd4 5. exd4 d5 6. Qf3 Be6 7. Be3 Nf5 8.
Nge2 a6 9. Ba4 Bb4 10. Bxc6+ bxc6 11. g3 Nxe3 12. Qxe3 O-O 13. O-O Re8 14. Rfe1
Bf5 15. Qd2 Qf6 16. a3 Ba5 17. b4 Bb6 18. Na4 Be4 19. c3 Qf3 0-1